[Event "Hastings Masters"]
[Site "Hastings, England"]
[Date "2014.12.30"
[Round "2.23"]
[White "Norinkeviciute, Rasa"]
[WhiteElo "2009"]
[Black "Kiefer, Daniel"]
[BlackElo "2255"]
[Result "1/2-1/2"]

1. c4 {[%clk 1:40:57]} Nf6 {[%clk 1:40:49]} 2. g3 {[%clk 1:41:18]} c5
{[%clk 1:41:15]} 3. Bg2 {[%clk 1:41:28]} d5 {[%clk 1:41:39]} 4. cxd5
{[%clk 1:41:49]} Nxd5 {[%clk 1:42:04]} 5. Nc3 {[%clk 1:42:04]} Nc7
{[%clk 1:42:25]} 6. Nf3 {[%clk 1:36:30]} Nc6 {[%clk 1:42:44]} 7. d3
{[%clk 1:35:53]} e5 {[%clk 1:42:54]} 8. O-O {[%clk 1:35:28]} Be7 {[%clk 1:42:13]}
9. Ne1 {[%clk 1:34:10]} O-O {[%clk 1:37:35]} 10. f4 {[%clk 1:33:14]} exf4
{[%clk 1:30:58]} 11. Bxf4 {[%clk 1:32:09]} Be6 {[%clk 1:26:07]} 12. Nf3
{[%clk 1:26:26]} h6 {[%clk 1:11:53]} 13. Qd2 {[%clk 1:16:40]} Qd7
{[%clk 1:04:05]} 14. Rad1 {[%clk 1:11:26]} Rad8 {[%clk 0:59:03]} 15. Kh1
{[%clk 1:01:22]} Rfe8 {[%clk 0:50:00]} 16. b3 {[%clk 0:56:03]} Nd5
{[%clk 0:44:57]} 17. Nxd5 {[%clk 0:49:14]} Bxd5 {[%clk 0:44:33]} 18. Qc1
{[%clk 0:46:24]} b6 {[%clk 0:38:40]} 19. Rfe1 {[%clk 0:36:30]} Nd4
{[%clk 0:34:08]} 20. e4 {[%clk 0:35:24]} Bb7 {[%clk 0:32:52]} 21. Ne5
{[%clk 0:33:17]} Qe6 {[%clk 0:31:45]} 22. Nc4 {[%clk 0:28:09]} h5
{[%clk 0:24:40]} 23. Qb2 {[%clk 0:22:25]} h4 {[%clk 0:22:01]} 24. gxh4
{[%clk 0:20:38]} Bxh4 {[%clk 0:18:33]} 25. Rf1 {[%clk 0:20:06]} g6
{[%clk 0:16:18]} 26. Qd2 {[%clk 0:10:45]} Qe7 {[%clk 0:10:49]} 27. Qe3
{[%clk 0:05:24]} Bf6 {[%clk 0:08:40]} 28. Qf2 {[%clk 0:05:25]} Bh4
{[%clk 0:04:56]} 29. Qe3 {[%clk 0:04:05]} Bc8 {[%clk 0:03:52]} 30. Be5
{[%clk 0:01:11]} Bg5 {[%clk 0:03:17]} 31. Bf4 {[%clk 0:00:33]} Bf6
{[%clk 0:02:39]} 32. Qf2 {[%clk 0:00:56]} Bg7 {[%clk 0:02:09]} 33. Ne3
{[%clk 0:00:42]} Be6 {[%clk 0:01:53]} 34. Bg3 {[%clk 0:00:55]} Rd7
{[%clk 0:01:40]} 35. Bh4 {[%clk 0:01:02]} Qf8 {[%clk 0:01:58]} 36. Bg3
{[%clk 0:01:12]} Red8 {[%clk 0:01:49]} 37. Bh4 {[%clk 0:01:33]} Re8
{[%clk 0:01:55]} 38. Bg3 {[%clk 0:01:59]} Nc6 {[%clk 0:01:31]} 39. Rg1
{[%clk 0:00:54]} Red8 {[%clk 0:01:02]} 40. Qe2 {[%clk 0:01:05]} Ne5 41. Bxe5
{[%clk 0:37:56]} Bxe5 {[%clk 0:51:07]} 42. Nd5 {[%clk 0:38:14]} Qh6
{[%clk 0:47:23]} 43. Bf3 {[%clk 0:36:53]} Kg7 {[%clk 0:39:52]} 44. Rg2
{[%clk 0:33:55]} Rh8 {[%clk 0:39:52]} 45. Ne3 {[%clk 0:32:42]} Qf4
{[%clk 0:30:02]} 46. Bg4 {[%clk 0:24:43]} Bxg4 {[%clk 0:20:27]} 47. Nxg4
{[%clk 0:25:03]} Bd4 {[%clk 0:18:17]} 48. Rf1 {[%clk 0:24:36]} Qc7
{[%clk 0:17:24]} 49. Qf3 {[%clk 0:23:43]} Qc6 {[%clk 0:17:21]} 50. Qf4
{[%clk 0:21:30]} Qe6 {[%clk 0:17:07]} 51. Qg5 {[%clk 0:16:29]} Rh5
{[%clk 0:14:46]} 52. Qf4 {[%clk 0:16:05]} a5 {[%clk 0:13:32]} 53. Qf3
{[%clk 0:10:11]} Ra7 {[%clk 0:08:59]} 54. Ne3 {[%clk 0:07:02]} Kf8
{[%clk 0:07:30]} 55. Nd5 {[%clk 0:05:39]} Be5 {[%clk 0:04:33]} 56. Qf2
{[%clk 0:02:57]} Kg7 {[%clk 0:04:07]} 57. Qf3 {[%clk 0:03:08]} Rh3
{[%clk 0:04:15]} 58. Qe2 {[%clk 0:02:45]} Ra8 {[%clk 0:03:54]} 59. Rf3
{[%clk 0:01:30]} Rh4 {[%clk 0:02:49]} 60. Ne3 {[%clk 0:00:57]} Rh5 61. Nf5+
{[%clk 0:11:47]} Kf8 {[%clk 0:16:03]} 62. Ne3 {[%clk 0:12:06]} a4
{[%clk 0:15:44]} 63. Nd5 {[%clk 0:09:51]} axb3 {[%clk 0:15:26]} 64. axb3
{[%clk 0:10:17]} Ra1+ {[%clk 0:13:04]} 65. Rf1 {[%clk 0:10:36]} Ra3
{[%clk 0:12:39]} 66. Qc2 {[%clk 0:09:04]} Kg7 {[%clk 0:09:05]} 67. Qc4
{[%clk 0:06:17]} Bxh2 {[%clk 0:05:28]} 68. Rxh2 {[%clk 0:05:08]} Rxh2+
{[%clk 0:05:13]} 69. Kxh2 {[%clk 0:05:31]} Ra2+ {[%clk 0:05:25]} 70. Kg3
{[%clk 0:04:41]} Qe5+ {[%clk 0:05:48]} 71. Nf4 {[%clk 0:02:11]} g5
{[%clk 0:05:28]} 72. Kg4 {[%clk 0:00:34]} gxf4 {[%clk 0:04:15]} 73. Rxf4
{[%clk 0:00:58]} Qe6+ {[%clk 0:04:02]} 74. Rf5 {[%clk 0:00:55]} Rg2+
{[%clk 0:02:48]} 75. Kf3 {[%clk 0:00:38]} Rg6 {[%clk 0:01:53]} 76. Qc3+
{[%clk 0:00:38]} Kg8 {[%clk 0:02:07]} 77. Qc4 {[%clk 0:00:50]} Rh6
{[%clk 0:01:35]} 78. Rg5+ {[%clk 0:00:39]} Kf8 {[%clk 0:01:40]} 79. Qxe6
{[%clk 0:00:31]} fxe6 {[%clk 0:01:53]} 80. Kf4 {[%clk 0:00:32]} Rh3
{[%clk 0:01:31]} 81. Ke5 {[%clk 0:00:40]} Kf7 {[%clk 0:00:56]} 82. d4
{[%clk 0:01:09]} cxd4 83. Kxd4 {[%clk 0:01:22]} Rxb3 {[%clk 0:01:33]} 84. Rh5
{[%clk 0:00:44]} Ke7 {[%clk 0:00:49]} 85. Rh7+ Kf6 {[%clk 0:00:44]} 86. e5+
{[%clk 0:00:38]} Kf5 {[%clk 0:01:10]} 87. Rf7+ {[%clk 0:01:04]} Kg5
{[%clk 0:01:14]} 88. Rg7+ Kf5 1/2-1/2

[Event "Hastings Masters"]
[Site "Hastings, England"]
[Date "2014.12.30"
[Round "2.24"]
[White "Fryer, David W"]
[WhiteElo "2004"]
[Black "Eames, Robert S"]
[BlackElo "2237"]
[Result "0-1"]

1. e4 {[%clk 1:40:57]} d6 {[%clk 1:40:33]} 2. d4 {[%clk 1:41:10]} g6
{[%clk 1:40:39]} 3. c4 {[%clk 1:41:20]} Bg7 {[%clk 1:40:48]} 4. Nc3
{[%clk 1:41:25]} e5 {[%clk 1:40:39]} 5. d5 {[%clk 1:40:42]} a5 {[%clk 1:39:37]}
6. Be3 {[%clk 1:39:31]} Na6 {[%clk 1:37:33]} 7. Bd3 {[%clk 1:34:37]} Nf6
{[%clk 1:35:00]} 8. f3 {[%clk 1:34:30]} O-O {[%clk 1:33:19]} 9. Nge2
{[%clk 1:32:51]} Nh5 {[%clk 1:32:04]} 10. Qd2 {[%clk 1:20:02]} f5
{[%clk 1:29:51]} 11. O-O-O {[%clk 1:08:11]} Nb4 {[%clk 1:25:23]} 12. Bb1
{[%clk 1:07:26]} f4 {[%clk 1:23:31]} 13. Bf2 {[%clk 1:07:25]} Nf6
{[%clk 1:18:48]} 14. a3 {[%clk 1:00:41]} Na6 {[%clk 1:19:03]} 15. Ba2
{[%clk 0:54:22]} Nd7 {[%clk 1:18:20]} 16. Na4 {[%clk 0:53:23]} b6
{[%clk 1:13:47]} 17. b3 {[%clk 0:47:51]} Ndc5 {[%clk 1:11:39]} 18. Nxc5
{[%clk 0:46:56]} bxc5 {[%clk 1:11:32]} 19. a4 {[%clk 0:46:48]} Nb4
{[%clk 1:06:15]} 20. Nc3 {[%clk 0:46:33]} Bd7 {[%clk 1:02:37]} 21. Bb1
{[%clk 0:46:04]} Bf6 {[%clk 1:01:11]} 22. Kb2 {[%clk 0:43:52]} Bh4
{[%clk 0:56:46]} 23. Ka3 {[%clk 0:39:49]} Bxf2 {[%clk 0:55:02]} 24. Qxf2
{[%clk 0:40:12]} g5 {[%clk 0:52:27]} 25. g4 {[%clk 0:38:49]} fxg3
{[%clk 0:50:34]} 26. Qxg3 {[%clk 0:38:52]} Qf6 {[%clk 0:49:41]} 27. Rdg1
{[%clk 0:31:44]} Kh8 {[%clk 0:47:32]} 28. h4 {[%clk 0:29:10]} Qxf3
{[%clk 0:36:31]} 29. hxg5 {[%clk 0:28:23]} Qxg3 {[%clk 0:32:50]} 30. Rxg3
{[%clk 0:28:33]} Kg7 {[%clk 0:32:38]} 31. Rg2 {[%clk 0:18:18]} Rf3
{[%clk 0:29:23]} 32. Ne2 {[%clk 0:17:00]} Rh3 {[%clk 0:21:35]} 33. Rf1
{[%clk 0:13:55]} Rf8 {[%clk 0:12:54]} 34. Rxf8 {[%clk 0:14:16]} Kxf8
{[%clk 0:13:17]} 35. Ng3 {[%clk 0:14:35]} Bg4 {[%clk 0:09:08]} 36. Kb2
{[%clk 0:08:38]} Bd1 {[%clk 0:05:13]} 37. Ka3 {[%clk 0:05:36]} Kf7
{[%clk 0:05:23]} 38. Kb2 {[%clk 0:05:27]} Kg6 {[%clk 0:05:43]} 39. Rg1
{[%clk 0:04:14]} Bf3 {[%clk 0:04:42]} 40. Nf1 {[%clk 0:01:20]} Rh1
{[%clk 0:03:53]} 41. Rxh1 {[%clk 0:00:34]} Bxh1 {[%clk 0:04:15]} 42. Ng3
{[%clk 0:00:45]} Bf3 {[%clk 0:04:16]} 0-1

[Event "Hastings Masters"]
[Site "Hastings, England"]
[Date "2014.12.30"
[Round "2.25"]
[White "Brustkern, Juergen"]
[WhiteElo "2236"]
[Black "Boardman, Jeffrey"]
[BlackElo "1999"]
[Result "1-0"]

1. c4 {[%clk 1:40:01]} c6 {[%clk 1:40:49]} 2. e4 {[%clk 1:40:16]} d5
{[%clk 1:40:47]} 3. d4 {[%clk 1:39:25]} dxe4 {[%clk 1:37:49]} 4. Nc3
{[%clk 1:39:47]} Nf6 {[%clk 1:36:26]} 5. Bg5 {[%clk 1:39:10]} Bf5
{[%clk 1:32:30]} 6. Nge2 {[%clk 1:38:49]} Nbd7 {[%clk 1:26:19]} 7. Ng3
{[%clk 1:35:24]} Bg6 {[%clk 1:26:01]} 8. h4 {[%clk 1:35:43]} h6 {[%clk 1:26:09]}
9. Be3 {[%clk 1:35:52]} e5 {[%clk 1:22:00]} 10. d5 {[%clk 1:33:07]} Bc5
{[%clk 1:10:53]} 11. h5 {[%clk 1:29:27]} Bxe3 {[%clk 1:02:34]} 12. hxg6
{[%clk 1:13:24]} Bxf2+ {[%clk 0:58:10]} 13. Kxf2 {[%clk 1:13:36]} Qb6+
{[%clk 0:58:36]} 14. Ke1 {[%clk 1:12:13]} Qe3+ {[%clk 0:58:58]} 15. Nge2
{[%clk 1:08:08]} Nc5 {[%clk 0:58:40]} 16. Rh3 {[%clk 1:07:12]} Nd3+
{[%clk 0:56:27]} 17. Qxd3 {[%clk 1:07:32]} Qxd3 {[%clk 0:56:46]} 18. Rxd3
{[%clk 1:07:58]} exd3 {[%clk 0:57:02]} 19. gxf7+ {[%clk 1:08:00]} Kxf7
{[%clk 0:56:57]} 20. Ng3 {[%clk 1:08:23]} cxd5 {[%clk 0:44:49]} 21. cxd5
{[%clk 1:08:07]} e4 {[%clk 0:42:04]} 22. Kd2 {[%clk 1:06:50]} Rad8
{[%clk 0:21:52]} 23. Ngxe4 {[%clk 1:05:38]} Nxd5 {[%clk 0:20:49]} 24. Nxd5
{[%clk 1:05:51]} Rxd5 {[%clk 0:21:12]} 25. Bxd3 {[%clk 1:06:07]} Rhd8
{[%clk 0:20:42]} 26. Rf1+ {[%clk 1:06:30]} Ke7 {[%clk 0:19:07]} 27. Rf3
{[%clk 1:06:50]} g5 {[%clk 0:13:12]} 28. g4 {[%clk 1:04:55]} Rd4 {[%clk 0:10:01]}
29. Kc3 {[%clk 1:00:46]} Ke6 {[%clk 0:06:04]} 30. Nc5+ {[%clk 0:43:12]} Kd5
{[%clk 0:06:08]} 31. Rf5+ {[%clk 0:41:22]} Kc6 {[%clk 0:06:29]} 32. Be4+
{[%clk 0:36:01]} Kb6 {[%clk 0:06:28]} 33. b4 {[%clk 0:36:21]} R4d6
{[%clk 0:03:14]} 34. Rf7 {[%clk 0:35:15]} Rb8 {[%clk 0:02:23]} 35. Nd7+
{[%clk 0:34:43]} Rxd7 {[%clk 0:01:27]} 36. Rxd7 {[%clk 0:35:08]} a6
{[%clk 0:01:11]} 37. a4 {[%clk 0:35:11]} a5 {[%clk 0:01:01]} 38. Rh7
{[%clk 0:33:35]} axb4+ {[%clk 0:00:53]} 39. Kxb4 {[%clk 0:33:58]} Rf8
{[%clk 0:00:39]} 40. Rxh6+ {[%clk 0:29:29]} Ka7 {[%clk 0:00:42]} 41. Bf5
{[%clk 0:27:09]} Rd8 {[%clk 0:00:56]} 42. Kc5 {[%clk 0:26:11]} Rd1
{[%clk 0:50:12]} 43. Rh7 {[%clk 1:15:19]} Rc1+ {[%clk 0:50:14]} 44. Kd6
{[%clk 1:15:04]} Rc4 {[%clk 0:47:39]} 45. Ke5 {[%clk 1:13:46]} Rxa4
{[%clk 0:47:32]} 46. Be4 {[%clk 1:13:25]} Rb4 {[%clk 0:46:22]} 47. Rxb7+
{[%clk 1:12:09]} 1-0

[Event "Hastings Masters"]
[Site "Hastings, England"]
[Date "2014.12.30"
[Round "2.26"]
[White "ter Steeg, Marcus, Dr."]
[WhiteElo "2000"]
[Black "Britton, Richard L"]
[BlackElo "2230"]
[Result "1/2-1/2"]

1. d4 {[%clk 1:40:56]} Nf6 {[%clk 1:40:01]} 2. c4 {[%clk 1:41:21]} g6
{[%clk 1:40:26]} 3. Nc3 {[%clk 1:41:47]} Bg7 {[%clk 1:40:50]} 4. e4
{[%clk 1:42:12]} d6 {[%clk 1:41:16]} 5. Nf3 {[%clk 1:42:32]} O-O {[%clk 1:41:12]}
6. Be2 {[%clk 1:42:57]} e5 {[%clk 1:41:37]} 7. O-O {[%clk 1:43:13]} Nc6
{[%clk 1:42:03]} 8. d5 {[%clk 1:43:36]} Ne7 {[%clk 1:42:29]} 9. b4
{[%clk 1:44:00]} Ne8 {[%clk 1:33:55]} 10. c5 {[%clk 1:44:12]} Kh8
{[%clk 1:31:33]} 11. Nd2 {[%clk 1:44:27]} f5 {[%clk 1:31:45]} 12. f3
{[%clk 1:43:14]} f4 {[%clk 1:29:29]} 13. Nc4 {[%clk 1:42:04]} g5 {[%clk 1:29:02]}
14. Ba3 {[%clk 1:42:08]} h5 {[%clk 1:20:38]} 15. b5 {[%clk 1:37:55]} b6
{[%clk 1:13:17]} 16. cxd6 {[%clk 1:32:54]} cxd6 {[%clk 1:13:42]} 17. Bb4
{[%clk 1:23:40]} Rf6 {[%clk 0:45:09]} 18. g4 {[%clk 1:02:22]} hxg4
{[%clk 0:26:13]} 19. fxg4 {[%clk 1:02:40]} Rh6 {[%clk 0:26:39]} 20. Bf3
{[%clk 0:58:14]} a5 {[%clk 0:24:49]} 21. Ba3 {[%clk 0:56:11]} Ng6
{[%clk 0:24:31]} 22. Na4 {[%clk 0:50:12]} Rb8 {[%clk 0:24:52]} 23. Qe2
{[%clk 0:46:44]} Nh4 {[%clk 0:24:01]} 24. Qf2 {[%clk 0:44:39]} Nc7
{[%clk 0:04:52]} 25. Rab1 {[%clk 0:28:12]} Na8 {[%clk 0:05:14]} 26. Rfc1
{[%clk 0:22:01]} 1/2-1/2

[Event "Hastings Masters"]
[Site "Hastings, England"]
[Date "2014.12.30"
[Round "2.27"]
[White "Baterdene, Tsogbayar"]
[WhiteElo "1981"]
[Black "Kheit, Wahbi"]
[BlackElo "2223"]
[Result "1-0"]

1. e4 {[%clk 1:40:38]} c5 {[%clk 1:40:55]} 2. Nf3 {[%clk 1:40:29]} e6
{[%clk 1:40:53]} 3. d4 {[%clk 1:40:26]} cxd4 {[%clk 1:41:03]} 4. Nxd4
{[%clk 1:40:51]} Nf6 {[%clk 1:41:12]} 5. Nc3 {[%clk 1:40:56]} Nc6
{[%clk 1:41:21]} 6. Ndb5 {[%clk 1:41:00]} d6 {[%clk 1:41:07]} 7. Bf4
{[%clk 1:41:16]} e5 {[%clk 1:40:35]} 8. Bg5 {[%clk 1:41:37]} a6 {[%clk 1:40:23]}
9. Na3 {[%clk 1:41:26]} b5 {[%clk 1:40:04]} 10. Nd5 {[%clk 1:41:47]} Be7
{[%clk 1:40:04]} 11. Bxf6 {[%clk 1:41:14]} Bxf6 {[%clk 1:39:58]} 12. c4
{[%clk 1:40:52]} b4 {[%clk 1:38:53]} 13. Nc2 {[%clk 1:41:01]} a5 {[%clk 1:37:37]}
14. g3 {[%clk 1:39:41]} O-O {[%clk 1:35:50]} 15. h4 Be7 {[%clk 1:34:38]} 16. Bh3
{[%clk 1:34:07]} Bxh3 {[%clk 1:31:38]} 17. Rxh3 {[%clk 1:34:29]} Qd7
{[%clk 1:32:06]} 18. Rh1 {[%clk 1:31:44]} Rae8 {[%clk 1:26:45]} 19. g4
{[%clk 1:25:34]} a4 {[%clk 1:22:54]} 20. Nce3 {[%clk 1:20:17]} Nd4
{[%clk 1:21:11]} 21. Nf5 {[%clk 1:17:47]} Bd8 {[%clk 1:15:05]} 22. f3
{[%clk 1:15:28]} Nxf5 {[%clk 1:11:19]} 23. gxf5 {[%clk 1:15:48]} Qa7 24. b3
{[%clk 1:12:30]} Bb6 {[%clk 1:05:53]} 25. Ke2 {[%clk 1:12:07]} Bd4
{[%clk 1:04:21]} 26. Rb1 {[%clk 1:10:38]} axb3 {[%clk 1:03:54]} 27. axb3
{[%clk 1:11:01]} f6 {[%clk 1:03:08]} 28. Nxb4 {[%clk 1:10:10]} Rc8
{[%clk 1:01:48]} 29. Qd2 {[%clk 1:08:28]} Rf7 {[%clk 1:00:38]} 30. Nc2
{[%clk 1:07:47]} Bb6 {[%clk 0:58:40]} 31. Ra1 {[%clk 1:04:59]} Qb7
{[%clk 0:58:16]} 32. Qd5 {[%clk 1:04:50]} Qxd5 {[%clk 0:57:08]} 33. exd5
{[%clk 1:02:56]} Rb7 {[%clk 0:57:37]} 34. h5 {[%clk 1:00:37]} Bc5
{[%clk 0:57:03]} 35. Rhb1 {[%clk 0:53:20]} Rcb8 {[%clk 0:55:11]} 36. b4
{[%clk 0:53:36]} Bxb4 {[%clk 0:54:41]} 37. Nxb4 {[%clk 0:53:44]} Rxb4
{[%clk 0:54:51]} 38. Rxb4 {[%clk 0:54:11]} Rxb4 {[%clk 0:55:15]} 39. Ra8+
{[%clk 0:54:35]} Kf7 {[%clk 0:55:11]} 40. Ra7+ {[%clk 0:55:01]} Kf8
{[%clk 0:54:39]} 41. Kd3 {[%clk 0:55:18]} Rb3+ {[%clk 0:53:43]} 42. Ke4
{[%clk 0:55:31]} Rc3 {[%clk 0:53:48]} 43. Rc7 {[%clk 0:55:54]} Rc1
{[%clk 0:53:52]} 44. Kd3 {[%clk 0:54:21]} Rd1+ {[%clk 0:53:50]} 45. Ke3
{[%clk 0:53:08]} Rd4 {[%clk 0:52:51]} 46. Rc6 {[%clk 0:49:53]} Ke7
{[%clk 0:53:00]} 47. Rc7+ {[%clk 0:50:02]} Kf8 {[%clk 0:52:20]} 48. Ke2
{[%clk 0:48:24]} Rh4 {[%clk 0:52:04]} 49. Ke3 {[%clk 0:47:35]} Rxh5
{[%clk 0:51:36]} 50. c5 {[%clk 0:47:51]} dxc5 {[%clk 0:48:47]} 51. d6
{[%clk 0:48:15]} Ke8 {[%clk 0:48:35]} 52. Ke4 {[%clk 0:48:40]} Kd8
{[%clk 0:47:54]} 53. Rxg7 {[%clk 0:49:03]} Kc8 {[%clk 0:45:50]} 54. Kd5
{[%clk 0:49:12]} Rh4 {[%clk 0:45:48]} 55. Kc6 {[%clk 0:49:24]} 1-0

[Event "Hastings Masters"]
[Site "Hastings, England"]
[Date "2014.12.30"
[Round "2.28"]
[White "Da Ces, Philippe"]
[WhiteElo "1978"]
[Black "Rolvag, Mikael"]
[BlackElo "2191"]
[Result "0-1"]

1. d4 {[%clk 1:40:55]} Nf6 2. Nf3 {[%clk 1:41:19]} e6 {[%clk 1:41:16]} 3. Bg5
{[%clk 1:41:38]} c5 {[%clk 1:41:03]} 4. e3 {[%clk 1:41:54]} cxd4 {[%clk 1:39:48]}
5. exd4 {[%clk 1:42:12]} b6 {[%clk 1:40:08]} 6. Bd3 {[%clk 1:40:18]} Bb7
{[%clk 1:40:07]} 7. O-O {[%clk 1:40:19]} Be7 {[%clk 1:39:54]} 8. c4
{[%clk 1:39:56]} d6 {[%clk 1:28:54]} 9. Nc3 {[%clk 1:39:47]} Nbd7
{[%clk 1:29:08]} 10. Re1 {[%clk 1:37:28]} O-O {[%clk 1:27:20]} 11. Qe2
{[%clk 1:36:16]} Re8 {[%clk 1:26:55]} 12. Rad1 {[%clk 1:35:51]} Rc8
{[%clk 1:20:34]} 13. Nd2 {[%clk 1:05:47]} d5 {[%clk 4:44:04]} 14. cxd5 Nxd5
{[%clk 1:18:28]} 15. Bxe7 {[%clk 1:02:17]} Rxe7 {[%clk 1:16:51]} 16. Nxd5
{[%clk 0:57:24]} Bxd5 {[%clk 1:15:53]} 17. Bb1 {[%clk 0:55:31]} Nf6
{[%clk 1:14:53]} 18. Nf1 {[%clk 0:53:30]} Rd7 {[%clk 1:12:23]} 19. Qe5
{[%clk 0:43:46]} Bb7 {[%clk 1:04:50]} 20. Ne3 Qc7 {[%clk 0:45:34]} 21. h3
{[%clk 0:37:19]} Rcd8 22. Rc1 {[%clk 0:29:47]} Qd6 {[%clk 0:43:11]} 23. Red1 h6
{[%clk 0:39:14]} 24. a3 {[%clk 0:29:48]} Kf8 {[%clk 0:39:03]} 25. Ba2
{[%clk 0:20:18]} Bd5 {[%clk 0:29:57]} 26. Bxd5 {[%clk 0:13:26]} Nxd5
{[%clk 0:29:31]} 27. Nc4 {[%clk 0:10:18]} Qe7 {[%clk 0:26:52]} 28. Qe2
{[%clk 0:06:43]} Qg5 {[%clk 0:24:20]} 29. Qe4 {[%clk 0:03:51]} Nf6
{[%clk 0:18:51]} 30. Qe3 {[%clk 0:04:09]} Qd5 {[%clk 0:16:01]} 31. Ne5 Rb7 32.
Qf3 {[%clk 0:02:14]} Qxf3 {[%clk 0:15:31]} 33. Nxf3 Nd5 {[%clk 0:15:38]} 34. g3
{[%clk 0:02:35]} f6 {[%clk 0:15:15]} 35. h4 g5 36. hxg5 {[%clk 0:01:54]} hxg5
{[%clk 0:15:37]} 37. Rc6 Kf7 {[%clk 0:15:05]} 38. Re1 {[%clk 0:01:14]} Re7 39.
Nh2 {[%clk 0:00:43]} Nc7 {[%clk 0:14:44]} 40. Ng4 Rxd4 {[%clk 0:14:05]} 41. Ne3
{[%clk 0:46:44]} Red7 {[%clk 0:59:49]} 42. Rec1 {[%clk 0:46:21]} Ne8
{[%clk 0:58:10]} 43. Kg2 {[%clk 0:45:30]} Rd2 {[%clk 0:53:45]} 44. Nc4
{[%clk 0:45:12]} Rd1 {[%clk 0:53:18]} 45. Rc2 {[%clk 0:43:41]} R1d3
{[%clk 0:52:04]} 46. Re2 {[%clk 0:39:29]} Ng7 {[%clk 0:52:19]} 47. g4
{[%clk 0:36:32]} R3d4 {[%clk 0:48:14]} 48. Ne3 {[%clk 0:36:12]} Kg6
{[%clk 0:48:07]} 49. Rec2 {[%clk 0:35:42]} Rd2 {[%clk 0:47:06]} 50. Rc7
{[%clk 0:34:32]} Rxc2 {[%clk 0:46:12]} 51. Rxd7 {[%clk 0:34:36]} Rxb2
{[%clk 0:45:23]} 52. Rxa7 {[%clk 0:35:00]} f5 {[%clk 0:45:10]} 53. gxf5+
{[%clk 0:34:23]} Nxf5 {[%clk 0:44:28]} 54. Nxf5 {[%clk 0:32:36]} exf5
{[%clk 0:44:19]} 55. a4 {[%clk 0:28:46]} Kh5 {[%clk 0:44:22]} 56. a5
{[%clk 0:28:00]} b5 {[%clk 0:44:25]} 57. a6 {[%clk 0:28:16]} Kg4 {[%clk 0:44:15]}
58. Rb7 {[%clk 0:27:27]} f4 {[%clk 0:43:14]} 59. a7 {[%clk 0:26:54]} f3+
{[%clk 0:43:24]} 60. Kg1 {[%clk 0:25:26]} Ra2 {[%clk 0:43:41]} 61. Rxb5
{[%clk 0:25:12]} Kh3 {[%clk 0:41:52]} 62. Rb1 {[%clk 0:25:25]} Rxa7
{[%clk 0:40:18]} 63. Rc1 {[%clk 0:25:43]} Ra4 {[%clk 0:40:16]} 64. Kh1
{[%clk 0:23:33]} Ra2 {[%clk 0:39:36]} 65. Kg1 {[%clk 0:23:57]} g4
{[%clk 0:40:02]} 66. Rb1 {[%clk 0:23:02]} g3 {[%clk 0:40:10]} 67. fxg3
{[%clk 0:23:10]} Kxg3 {[%clk 0:39:59]} 68. Rc1 {[%clk 0:22:13]} Rg2+
{[%clk 0:40:02]} 0-1

[Event "Hastings Masters"]
[Site "Hastings, England"]
[Date "2014.12.30"]
[Round "2.29"]
[White "Othman, Mustapha"]
[Black "Haussernot, Cecile"]
[Result "1-0"]
[WhiteElo "1973"]
[BlackElo "2186"]
[PlyCount "47"]
[EventDate "2014.??.??"]

1. e4 c5 2. Nf3 d6 3. d4 cxd4 4. Nxd4 Nf6 5. Nc3 a6 6. Bc4 e6 7. Bb3 Be7 8. O-O
Qc7 9. f4 Nbd7 10. Re1 Nc5 11. e5 Nfd7 12. Nd5 exd5 13. exd6 Qxd6 14. Nf5 Qb6
15. Nxe7 Kd8 16. Nxd5 Qd6 17. f5 Nxb3 18. Bf4 Qc5+ 19. Be3 Nd4 20. Qxd4 Qxd4
21. Bxd4 b5 22. Rad1 Rb8 23. Bxg7 Re8 24. Bf6+ 1-0

[Event "Hastings Masters"]
[Site "Hastings, England"]
[Date "2014.12.30"]
[Round "2.30"]
[White "Liang, Jake Z"]
[Black "Jaunooby, Ali R"]
[Result "1-0"]
[WhiteElo "1953"]
[BlackElo "2175"]
[PlyCount "95"]
[EventDate "2014.??.??"]

1. d4 Nf6 2. c4 e6 3. g3 c5 4. d5 exd5 5. cxd5 b5 6. e4 Nxe4 7. Qe2 Qe7 8. Bg2
Nd6 9. Bf4 Bb7 10. Nc3 b4 11. Bxd6 Qxe2+ 12. Ngxe2 Bxd6 13. Ne4 Ke7 14. Nxc5
Ba6 15. Nxa6 Nxa6 16. O-O Kf6 17. Nd4 Be5 18. Rad1 Rac8 19. Rfe1 Rhe8 20. Bh3
Nc5 21. Re3 Bxd4 22. Rxd4 Rxe3 23. fxe3 Ke5 24. Rxb4 f5 25. Rc4 Kxd5 26. b3 Rf8
27. Rd4+ Ke5 28. b4 Ne6 29. Rxd7 Rb8 30. Rxa7 g6 31. a3 Rc8 32. a4 Rc1+ 33. Bf1
Ng5 34. b5 Ke4 35. Kf2 Rc2+ 36. Be2 Nh3+ 37. Ke1 Ng1 38. Re7+ Kd5 39. Rd7+ Ke5
40. Rd2 Rc1+ 41. Kf2 g5 42. Bf1 Nf3 43. Rb2 Nxh2 44. Be2 Kd6 45. b6 Rc8 46. b7
Rb8 47. a5 Kc7 48. a6 1-0

[Event "Hastings Masters"]
[Site "Hastings, England"]
[Date "2014.12.30"
[Round "2.31"]
[White "Snape, Ian L"]
[WhiteElo "2162"]
[Black "Slade, Theodore"]
[BlackElo "1869"]
[Result "1/2-1/2"]

1. e4 e6 2. d4 d5 3. Nc3 Nf6 4. e5 Nfd7 5. f4 c5 6. Nf3 Nc6 7. Be3 cxd4 8. Nxd4
Qb6 9. Qd2 Qxb2 10. Rb1 Qa3 11. Bb5 Nxd4 12. Bxd4 a6 13. Bxd7+ Bxd7 14. Rb3 Qe7
15. Rxb7 Qh4+ 16. Bf2 Qd8 17. Bb6 Qc8 18. Rc7 Qd8 19. Qd4 Ba3 20. O-O Rc8 21.
Rxc8 Qxc8 22. Rf3 O-O 23. Nd1 Be7 24. Rc3 Qb8 25. Ne3 Rc8 26. Rxc8+ Qxc8 27. c4
dxc4 28. Qxc4 Qxc4 29. Nxc4 Bb5 30. Nd2 Kf8 31. Kf2 Bb4 32. Ne4 Bc4 33. Bc5+
Bxc5+ 34. Nxc5 Bxa2 35. Nxa6 Ke7 36. Ke3 Bd5 37. g4 Bb3 38. Nc5 Bd1 39. g5 Bg4
40. h4 h5 41. Ne4 1/2-1/2

[Event "Hastings Masters"]
[Site "Hastings, England"]
[Date "2014.12.30"]
[Round "2.32"]
[White "Higgs, Joshua"]
[Black "Flear, Christine"]
[Result "0-1"]
[WhiteElo "1863"]
[BlackElo "2181"]
[PlyCount "80"]
[EventDate "2014.??.??"]

1. e4 c5 2. Nf3 e6 3. c3 Nf6 4. e5 Nd5 5. d4 cxd4 6. cxd4 d6 7. Bc4 Nc6 8. O-O
Be7 9. Qe2 O-O 10. Qe4 Qc7 11. a3 Bd7 12. Bg5 dxe5 13. dxe5 Nxe5 14. Qxe5 Qxc4
15. Bxe7 Nxe7 16. Qd6 Bb5 17. Nbd2 Nf5 18. Nxc4 Nxd6 19. Nxd6 Bxf1 20. Kxf1
Rfd8 21. Rd1 Rd7 22. Rd2 Rc7 23. Ke2 a6 24. Ne5 f6 25. Nd3 Kf8 26. Nf4 Ke7 27.
Nf5+ Kf7 28. Ne3 g5 29. Nd3 Rac8 30. Kd1 Ke7 31. Rc2 h5 32. Rxc7+ Rxc7 33. g4
hxg4 34. Nxg4 f5 35. Nge5 Kf6 36. Nf3 $11 Rh7 37. Nc5 g4 38. Nd4 e5 39. Nc2
Rxh2 40. Ke1 g3 0-1

[Event "Hastings Masters"]
[Site "Hastings, England"]
[Date "2014.12.30"]
[Round "2.33"]
[White "Brewer, Callum D"]
[Black "Armstrong, Malcolm J"]
[Result "0-1"]
[WhiteElo "1793"]
[BlackElo "2086"]
[PlyCount "100"]
[EventDate "2014.??.??"]

1. e4 e6 2. d4 d5 3. e5 c5 4. c3 Nc6 5. Nf3 Bd7 6. Be2 f6 7. O-O fxe5 8. Nxe5
Nxe5 9. dxe5 Qc7 10. f4 Ne7 11. Nd2 Nf5 12. Nf3 g6 13. Bd3 Be7 14. Bxf5 gxf5
15. Ng5 h5 16. h4 Bxg5 17. hxg5 O-O-O 18. Be3 Kb8 19. Qd2 b6 20. a4 Bc6 21. b4
d4 22. cxd4 cxd4 23. Bxd4 Qd7 24. b5 Be4 25. Rfd1 h4 26. Qe3 Qc7 27. Rd2 Rd5
28. a5 Rxb5 29. axb6 axb6 30. Rda2 Rc8 31. Ra7 Qxa7 32. Rxa7 Rb1+ 33. Kh2 Rc2
34. Qh3 Bxg2 35. Qxg2 Rxg2+ 36. Kxg2 Kxa7 37. Bf2 Rd1 38. Bxh4 Rd7 39. Kf3 Ka6
40. Ke2 Kb5 41. Bf2 Rb7 42. Kd3 Kb4 43. Be1+ Kc5 44. Bf2+ Kd5 45. Be1 Rh7 46.
Bb4 Rh3+ 47. Ke2 Ke4 48. Bd2 b5 49. Kf1 Rh7 50. Kf2 b4 0-1